قيادة الشخصيات العنيدة / (رقم التسجيلة. 41664)
[ عرض عادي ]
| 000 -الفاتح | |
|---|---|
| حقل البيانات ثابتة الطول | 01045nam a22002657a 4500 |
| 003 - محدد رقم الضبط | |
| رقم الضبط | OSt |
| 005 - وقت وتاريخ اخر تعامل مع التسجيلة | |
| رقم الضبط | 20180408145928.0 |
| 008 - عناصر البيانات ثابتة الطول - معلومات عامة | |
| حقل البيانات ثابتة الطول | 170817s2018 ua g b 000 0 ara d |
| 020 ## - الرقم الدولى المعيارى للكتب | |
| الرقم الدولى المعيارى للكتاب | 9789777221061 |
| 040 ## - مصدر الفهرسة | |
| وكالة الفهرسة الأصلية | Ma-Un |
| لغة الفهرسة | ara |
| وكالة النسخ | Dar Arab |
| 082 04 - رقم تصنيف ديوى العشرى | |
| رقم الطبعة | 21 |
| رقم التصنيف | 658.3045 |
| رقم المادة | ف آ ق |
| 100 1# - المدخل الرئيسى - إسم شخصى | |
| الإسم الشخصى | فيرويزر، آلان |
| 9 (RLIN) | 61565 |
| 240 30 - العنوان الموحد | |
| عنوان موحد | <a href="How to manage difficult people.">How to manage difficult people.</a> |
| لغة العمل | Arabic |
| 245 10 - بيان العنوان | |
| العنوان | قيادة الشخصيات العنيدة / |
| بيان المسئوليه,etc | تأليف آلان فيرويزر ؛ ترجمة زكريا القاضي. |
| 250 ## - بيان الطبعة | |
| بيان الطبعة | ط. 1. |
| 260 ## - PUBLICATION, DISTRIBUTION, ETC. (IMPRINT) | |
| مكان الناشر او الموزع | القاهرة : |
| اسم الناشر او الموزع | المجموعة العربية للتدريب والنشر، |
| تاريخ النشر أو التوزيع | 2018. |
| 300 ## - الوصف المادى | |
| التعداد | 219 ص. ؛ |
| أبعاد الوعاء | 24 سم. |
| 504 ## - تبصرة ببليوجرافية | |
| تبصرة ببليوجرافية,الخ | يشتمل علي إرجاعات ببليوجرافية. |
| 650 #4 - المدخل الاضافى بالموضوع-مصطلح موضوعى | |
| مصطلح موضوعي أو اسم جغرافي كعنصر مدخل | إدارة الأفراد |
| 9 (RLIN) | 61566 |
| 650 #4 - المدخل الاضافى بالموضوع-مصطلح موضوعى | |
| مصطلح موضوعي أو اسم جغرافي كعنصر مدخل | السلوك الاجتماعي |
| 9 (RLIN) | 61567 |
| 650 #4 - المدخل الاضافى بالموضوع-مصطلح موضوعى | |
| مصطلح موضوعي أو اسم جغرافي كعنصر مدخل | القيادة |
| التقسيم الفرعي العام | جوانب نفسية |
| 9 (RLIN) | 20572 |
| 650 #4 - المدخل الاضافى بالموضوع-مصطلح موضوعى | |
| مصطلح موضوعي أو اسم جغرافي كعنصر مدخل | الشخصية |
| التقسيم الفرعي العام | جوانب نفسية |
| 9 (RLIN) | 61568 |
| 700 1# - المدخل الاضافى - اسم شخصى | |
| الإسم الشخصى | القاضي، زكريا |
| الدور | مترجم. |
| 9 (RLIN) | 54764 |
| 942 ## - عناصر المدخل الإضافي( كوها) | |
| Koha [default] item type | كتاب |
| حالة الفقد | نموذج السعر الفعال | حالة تلف | ليس للاعارة | رقم الطلب | رقم النسخة | تاريخ الاكتساب | الموقع الحالي | الباركود | الفرع الرئيسي | Date last seen | نوع المادة فى نظام كوها | مصدر التصنيف او خطة الترفيف | Total Checkouts |
|---|---|---|---|---|---|---|---|---|---|---|---|---|---|
| 2018-04-08 | Not For Loan | 658.3045 ف آ ق | 1 | 2018-04-08 | المكتبة المركزية بالمجمعة (CL) | 00241042 | المكتبة المركزية بالمجمعة (CL) | 2018-04-08 | كتاب | Dewey Decimal Classification | |||
| 2018-04-08 | 658.3045 ف آ ق | 2 | 2018-04-08 | المكتبة المركزية بالمجمعة (CL) | 00241043 | المكتبة المركزية بالمجمعة (CL) | 2018-04-08 | كتاب | Dewey Decimal Classification | ||||
| 2018-04-08 | 658.3045 ف آ ق | 3 | 2018-04-08 | المكتبة المركزية بالمجمعة (CL) | 00241044 | المكتبة المركزية بالمجمعة (CL) | 2018-04-08 | كتاب | Dewey Decimal Classification | ||||
| 2018-04-08 | Not For Loan | 658.3045 ف آ ق | 1 | 2018-04-08 | مكتبة كلية التربية بالزلفى - طالبات (EZF) | 00241483 | مكتبة كلية التربية بالزلفى - طالبات (EZF) | 2018-04-08 | كتاب | Dewey Decimal Classification | |||
| 2018-04-08 | 658.3045 ف آ ق | 2 | 2018-04-08 | مكتبة كلية التربية بالزلفى - طالبات (EZF) | 00241061 | مكتبة كلية التربية بالزلفى - طالبات (EZF) | 2018-04-08 | كتاب | Dewey Decimal Classification | ||||
| 2018-04-08 | Not For Loan | 658.3045 ف آ ق | 1 | 2018-04-08 | مكتبة مجمع الطالبات بالمجمعة (EMF) | 00241045 | مكتبة مجمع الطالبات بالمجمعة (EMF) | 2018-04-08 | كتاب | Dewey Decimal Classification | |||
| 2018-04-08 | 658.3045 ف آ ق | 2 | 2018-04-08 | مكتبة مجمع الطالبات بالمجمعة (EMF) | 00241046 | مكتبة مجمع الطالبات بالمجمعة (EMF) | 2018-04-08 | كتاب | Dewey Decimal Classification |
